අසිපත් මාරුව (Record no. 10666)
[ view plain ]
| 000 -LEADER | |
|---|---|
| fixed length control field | 00570nam a2200169Ia 4500 |
| 008 - FIXED-LENGTH DATA ELEMENTS--GENERAL INFORMATION | |
| fixed length control field | 180921t2021 xxu||||| |||| 00| 0 sin d |
| 041 ## - LANGUAGE CODE | |
| Language code of text/sound track or separate title | Sinhala; Sinhalese |
| 080 ## - UNIVERSAL DECIMAL CLASSIFICATION NUMBER | |
| Universal Decimal Classification number | 8-31 |
| Item number | ගුලික් |
| 942 ## - ADDED ENTRY ELEMENTS (KOHA) | |
| Koha item type | Books |
| 003 - CONTROL NUMBER IDENTIFIER | |
| control field | LK-CoDNM |
| 040 ## - CATALOGING SOURCE | |
| Original cataloging agency | LK-CoDNM |
| Modifying agency | LK-CoDNM |
| Description conventions | LK-CoDNM |
| 100 ## - MAIN ENTRY--PERSONAL NAME | |
| Personal name | ගුලික්, රොබට් වැන් |
| 700 ## - ADDED ENTRY--PERSONAL NAME | |
| Personal name | බොබී ජී. බොතේජු |
| Relator term | පරිවර්තක |
| 245 ## - TITLE STATEMENT | |
| Title | අසිපත් මාරුව |
| 260 ## - PUBLICATION, DISTRIBUTION, ETC. (IMPRINT) | |
| Name of publisher, distributor, etc. | රීඩ් ඉට් රීඩර්ස් |
| Place of publication, distribution, etc. | කඩුවෙල |
| Date of publication, distribution, etc. | 2021 |
| 300 ## - PHYSICAL DESCRIPTION | |
| Extent | සෙ.මි.20, පි.160 |
| Withdrawn status | Lost status | Damaged status | Not for loan | Collection code | Permanent Location | Current Location | Date acquired | Full call number | Barcode | Koha item type |
|---|---|---|---|---|---|---|---|---|---|---|
| Translation | Library National Museum Colombo - Sri Lanka | Library National Museum Colombo - Sri Lanka | 2022-12-13 | 8-31 ගුලික් | 173997 | Books |


